[Event "GBR-ch83 Major Open"]
[Site "Nottingham"]
[Date "1996.08.07"]
[Round "3"]
[White "Almond, Richard"]
[Black "Wall, Gavin"]
[Result "0-1"]
[WhiteElo "2125"]
[BlackElo "2305"]
[PlyCount "92"]
[EventDate "1996.08.05"]
[EventType "swiss"]
[EventRounds "11"]
[EventCountry "GBR"]

1. d4 f5 2. g3 Nf6 3. Bg2 g6 4. Nf3 Bg7 5. O-O O-O 6. c4 d6 7. Nc3 Qe8 8. d5
Na6 9. Nd2 Nc5 10. Qc2 e5 11. b4 Na6 12. Ba3 e4 13. Nb3 b6 14. c5 Qe5 15. Rad1
Nd7 16. Nb5 dxc5 17. bxc5 Ndxc5 18. Nxc5 Nxc5 19. Bxc5 bxc5 20. Qxc5 Ba6 21. a4
Rab8 22. Rb1 Bxb5 23. axb5 Rb7 24. e3 g5 25. Qc4 Kh8 26. Rfd1 Rfb8 27. Qa4 h5
28. Rb3 Rd8 29. Qc4 Rd6 30. Kh1 h4 31. Kg1 Rh6 32. Rbb1 Qe8 33. g4 h3 34. Bh1
Rh4 35. gxf5 Qe5 36. Qe2 Qxf5 37. f3 Rb8 38. d6 cxd6 39. Rxd6 exf3 40. Qa2 f2+
41. Kf1 Rg4 42. Rbd1 Rg1+ 43. Ke2 Rxh1 44. Rxh1 Qg4+ 45. Kf1 Qg2+ 46. Ke2 f1=Q#
{Source: Tournament bulletin. Contributed by Brian Denman, 5 August 2021} 0-1

[Event "GBR-ch83 Major Open"]
[Site "Nottingham"]
[Date "1996.08.07"]
[Round "3"]
[White "Mayers, Dan E"]
[Black "Barton, R Alan"]
[Result "1/2-1/2"]
[WhiteElo "2090"]
[BlackElo "2170"]
[PlyCount "59"]
[EventDate "1996.08.05"]
[EventType "swiss"]
[EventRounds "11"]
[EventCountry "GBR"]

1. e4 d5 2. exd5 Qxd5 3. Nc3 Qa5 4. d4 Nf6 5. Nf3 Bf5 6. Bc4 e6 7. O-O c6 8.
Qe2 Nbd7 9. Bf4 Bb4 10. Bb3 O-O 11. a3 Bxc3 12. bxc3 Rfd8 13. c4 c5 14. d5 Re8
15. Be3 b5 16. dxe6 Bxe6 17. cxb5 a6 18. Bxe6 Rxe6 19. a4 Nb6 20. Ng5 Ree8 21.
Qd3 Nxa4 22. Qc4 axb5 23. Qxf7+ Kh8 24. Bxc5 Qd2 25. Ne6 Qd7 26. Qxd7 Nxd7 27.
Nc7 Ndxc5 28. Nxa8 Rxa8 29. Rfb1 Rb8 30. Rb4 {Source: Tournament bulletin.
According to Fritz 10 Black had a substantial advantage in the final position.
Contributed by Brian Denman, 5 August 2021} 1/2-1/2

[Event "GBR-ch83 Major Open"]
[Site "Nottingham"]
[Date "1996.08.08"]
[Round "4"]
[White "Barton, R Alan"]
[Black "Savory, Richard J"]
[Result "1-0"]
[WhiteElo "2170"]
[BlackElo "2095"]
[PlyCount "87"]
[EventDate "1996.08.05"]
[EventType "swiss"]
[EventRounds "11"]
[EventCountry "GBR"]

1. Nf3 d5 2. g3 Nf6 3. Bg2 c5 4. d3 Nc6 5. O-O e6 6. Nbd2 Qc7 7. e4 Be7 8. Qe2
O-O 9. e5 Nd7 10. Re1 b5 11. Nf1 Qb6 12. h4 c4 13. h5 cxd3 14. cxd3 Nd4 15.
Nxd4 Qxd4 16. Bf4 Ba6 17. Nh2 b4 18. Red1 Rac8 19. Nf3 Qb6 20. h6 g6 21. Be3
Bc5 22. Bxc5 Nxc5 23. Ng5 f6 24. exf6 Rxf6 25. Rac1 Rd8 26. Qe5 Nd7 27. Qc7
Qxf2+ 28. Kh1 Qb6 29. Rc6 Qb8 30. Bh3 Bb7 31. Bxe6+ Rxe6 32. Nxe6 Bxc6 33.
Qxd8+ Qxd8 34. Nxd8 Bb5 35. Nb7 Ne5 36. Re1 Nf7 37. d4 Nxh6 38. Nd6 Bd3 39.
Re8+ Kg7 40. Re7+ Kf6 41. Rxh7 Ke6 42. Rxh6 Kxd6 43. Rh7 a6 44. Rb7 {Source:
Tournament bulletin. Contributed by Brian Denman, 5 August 2021} 1-0

[Event "GBR-ch83 Major Open"]
[Site "Nottingham"]
[Date "1996.08.08"]
[Round "4"]
[White "Fish, Andrew"]
[Black "Noyce, Robert C"]
[Result "1/2-1/2"]
[WhiteElo "2090"]
[BlackElo "2205"]
[PlyCount "41"]
[EventDate "1996.08.05"]
[EventType "swiss"]
[EventRounds "11"]
[EventCountry "GBR"]

1. e4 d5 2. exd5 Nf6 3. d4 Nxd5 4. Nf3 Bg4 5. Be2 e6 6. O-O Be7 7. Ne5 Bxe2 8.
Qxe2 O-O 9. Rd1 c5 10. dxc5 Qc7 11. c4 Nf6 12. Nd3 Nbd7 13. Bf4 Qc8 14. Nc3
Nxc5 15. Ne5 Ncd7 16. Nxd7 Nxd7 17. Bd6 Bxd6 18. Rxd6 Nb6 19. b3 Rd8 20. Rad1
Rxd6 21. Rxd6 {Source: Tournament bulletin. Contributed by Brian Denman, 5
August 2021} 1/2-1/2

[Event "GBR-ch83 Major Open"]
[Site "Nottingham"]
[Date "1996.08.08"]
[Round "4"]
[White "Grant, Alan G"]
[Black "Kelly, Ian G"]
[Result "1/2-1/2"]
[WhiteElo "2190"]
[BlackElo "2045"]
[PlyCount "95"]
[EventDate "1996.08.05"]
[EventType "swiss"]
[EventRounds "11"]
[EventCountry "GBR"]

1. d4 Nf6 2. Bg5 c5 3. d5 Qb6 4. Nc3 g6 5. e4 Qxb2 6. Bd2 Bh6 7. Rb1 Bxd2+ 8.
Qxd2 Qa3 9. e5 Ng4 10. Nf3 h5 11. Bc4 a6 12. d6 e6 13. O-O Nc6 14. h3 Ngxe5 15.
Nxe5 Nxe5 16. Qg5 Nc6 17. Rb3 Qa5 18. Nd5 Kf8 19. Rf3 Qd8 20. Nf6 Kg7 21. Bd3
b5 22. Qxc5 Bb7 23. Qg5 Nd4 24. Rf4 Nf5 25. Ne4 Qxg5 26. Nxg5 Nxd6 27. Rd1 f6
28. Rd4 fxg5 29. Rxd6 Bc6 30. f3 Rhf8 31. Be4 Bxe4 32. fxe4 Rf7 33. Rxd7 Ra7
34. R7d6 Rfe7 35. e5 Rac7 36. Rxa6 Rxc2 37. Rb6 Rxa2 38. Rxb5 Re2 39. Kf1 Ra2
40. Rd6 Ra1+ 41. Ke2 Ra2+ 42. Kf3 Rf7+ 43. Ke3 Rxg2 44. Rxe6 Rg3+ 45. Ke2 g4
46. h4 Ra7 47. Rbb6 Ra2+ 48. Kf1 {Source: Tournament bulletin. Contributed by
Brian Denman, 5 August 2021} 1/2-1/2

[Event "GBR-ch83 Major Open"]
[Site "Nottingham"]
[Date "1996.08.09"]
[Round "5"]
[White "Dodgson, John A"]
[Black "Baker, Chris A"]
[Result "0-1"]
[WhiteElo "2125"]
[BlackElo "2010"]
[PlyCount "58"]
[EventDate "1996.08.05"]
[EventType "swiss"]
[EventRounds "11"]
[EventCountry "GBR"]

1. d4 Nf6 2. c4 c5 3. d5 b5 4. cxb5 a6 5. f3 e6 6. e4 exd5 7. e5 Qe7 8. Qe2 Ng8
9. Nc3 Bb7 10. Nh3 Qd8 11. Nf4 Ne7 12. Bd2 g6 13. Nd3 Nf5 14. Nf4 Nd4 15. Qd3
axb5 16. Ncxd5 Bxd5 17. Nxd5 Bg7 18. f4 O-O 19. g3 d6 20. Bg2 Nbc6 21. O-O dxe5
22. f5 gxf5 23. Rxf5 Nxf5 24. Qxf5 Nd4 25. Qh5 Ra7 26. Bg5 Qd6 27. Rf1 f5 28.
g4 e4 29. Nf4 Nf3+ {Source: Tournament bulletin. Contributed by Brian Denman,
5 August 2021} 0-1

[Event "GBR-ch83 Major Open"]
[Site "Nottingham"]
[Date "1996.08.09"]
[Round "5"]
[White "Kelly, Ian G"]
[Black "Franklin, Chris"]
[Result "1-0"]
[WhiteElo "2045"]
[BlackElo "2240"]
[PlyCount "81"]
[EventDate "1996.08.05"]
[EventType "swiss"]
[EventRounds "11"]
[EventCountry "GBR"]

1. Nf3 Nf6 2. c4 e6 3. g3 d5 4. b3 Be7 5. Bg2 O-O 6. O-O c5 7. e3 Nc6 8. Bb2 d4
9. exd4 cxd4 10. Re1 d3 11. a3 a5 12. Nc3 Bc5 13. Ne4 Nxe4 14. Rxe4 Qb6 15. Ng5
f6 16. Nxe6 Bxe6 17. Rxe6 Bxf2+ 18. Kh1 Rae8 19. Qg4 Rxe6 20. Qxe6+ Kh8 21. Rf1
Bd4 22. Bxd4 Qxd4 23. Bxc6 bxc6 24. Qxc6 Qe5 25. Kg2 h6 26. b4 axb4 27. axb4
Re8 28. b5 Qe2+ 29. Rf2 Qe1 30. b6 Re2 31. Qc8+ Re8 32. Qf5 Qb1 33. Qd7 Re2 34.
b7 Qb6 35. Rxe2 dxe2 36. Qe8+ Kh7 37. Qxe2 Qxb7+ 38. Qf3 Qb4 39. Qd5 Qe7 40.
Kf3 g5 41. Qe4+ {Source: Tournament bulletin. Contributed by Brian Denman, 5
August 2021} 1-0

[Event "GBR-ch83 Major Open"]
[Site "Nottingham"]
[Date "1996.08.09"]
[Round "5"]
[White "Knox, David A"]
[Black "Barton, R Alan"]
[Result "0-1"]
[WhiteElo "2225"]
[BlackElo "2170"]
[PlyCount "30"]
[EventDate "1996.08.05"]
[EventType "swiss"]
[EventRounds "11"]
[EventCountry "GBR"]

1. e4 d5 2. exd5 Qxd5 3. Nc3 Qa5 4. Bc4 Nf6 5. Nf3 c6 6. d4 Bf5 7. Bd2 e6 8.
Qe2 Bb4 9. Nh4 Bxc2 10. Rc1 Bg6 11. Nxg6 hxg6 12. d5 Nxd5 13. Bxd5 Bxc3 14.
Bxc3 Qxd5 15. Bxg7 Qxg2 {Source: Tournament bulletin. Contributed by Brian
Denman, 5 August 2021} 0-1

[Event "GBR-ch83 Major Open"]
[Site "Nottingham"]
[Date "1996.08.10"]
[Round "6"]
[White "Barton, R Alan"]
[Black "Rosten, Oliver"]
[Result "1/2-1/2"]
[WhiteElo "2170"]
[BlackElo "2215"]
[PlyCount "38"]
[EventDate "1996.08.05"]
[EventType "swiss"]
[EventRounds "11"]
[EventCountry "GBR"]

1. d4 e6 2. Nf3 f5 3. c3 Nf6 4. Bg5 d5 5. Nbd2 Bd6 6. Ne5 O-O 7. e3 Nbd7 8. f4
Qe8 9. Bxf6 Nxf6 10. Ndf3 Bd7 11. Bd3 Bb5 12. Bxb5 Qxb5 13. Qb3 a6 14. Qxb5
axb5 15. O-O Ne4 16. Nd3 Ra4 17. g3 b6 18. Nf2 Nf6 19. h3 Re8 {Source:
Tournament bulletin. Contributed by Brian Denman, 5 August 2021} 1/2-1/2

[Event "GBR-ch83 Major Open"]
[Site "Nottingham"]
[Date "1996.08.10"]
[Round "6"]
[White "Dickinson, Timothy R"]
[Black "Kelly, Ian G"]
[Result "0-1"]
[WhiteElo "2165"]
[BlackElo "2045"]
[PlyCount "60"]
[EventDate "1996.08.05"]
[EventType "swiss"]
[EventRounds "11"]
[EventCountry "GBR"]

1. e4 d6 2. d4 Nf6 3. f3 g6 4. Be3 Bg7 5. Qd2 c6 6. c4 O-O 7. Nc3 Nbd7 8. Nge2
c5 9. d5 Ne5 10. Nc1 e6 11. Be2 exd5 12. cxd5 Re8 13. O-O a6 14. a4 Rb8 15. a5
b5 16. axb6 Rxb6 17. Qc2 Rb4 18. Bxa6 Bxa6 19. Rxa6 Nc4 20. Bf4 Rxb2 21. Qd3
Nh5 22. Qxc4 Nxf4 23. N1e2 Bxc3 24. Nxf4 Be5 25. Ne2 Qh4 26. f4 Qg4 27. Rf3
Bd4+ 28. Kh1 Rxe4 29. h3 Qxf3 30. gxf3 Rexe2 {Source: Tournament bulletin.
Contributed by Brian Denman, 5 August 2021} 0-1

[Event "GBR-ch83 Major Open"]
[Site "Nottingham"]
[Date "1996.08.10"]
[Round "6"]
[White "Williams, Leighton"]
[Black "Noyce, Robert C"]
[Result "1-0"]
[WhiteElo "2135"]
[BlackElo "2205"]
[PlyCount "75"]
[EventDate "1996.08.05"]
[EventType "swiss"]
[EventRounds "11"]
[EventCountry "GBR"]

1. d4 g6 2. c4 Nf6 3. Nc3 Bg7 4. e4 d6 5. Nf3 O-O 6. Be2 e5 7. O-O Nc6 8. d5
Ne7 9. b4 Ne8 10. c5 f5 11. Ng5 Nf6 12. Qb3 fxe4 13. cxd6 cxd6 14. Be3 h6 15.
Ngxe4 Nxe4 16. Nxe4 Nf5 17. Rac1 Nxe3 18. Qxe3 Bf5 19. Rc4 Kh7 20. Rfc1 Rf7 21.
Bf3 Bxe4 22. Bxe4 Qb6 23. Qg3 Rf6 24. R1c2 a5 25. h4 axb4 26. h5 Raf8 27. Bxg6+
Kh8 28. Be4 R8f7 29. Rc8+ Rf8 30. R8c7 R8f7 31. Rxf7 Rxf7 32. Qg6 Kg8 33. Rc8+
Rf8 34. Qh7+ Kf7 35. Bg6+ Kf6 36. Rxf8+ Bxf8 37. Qf7+ Kg5 38. Qf5+ {Source:
Tournament bulletin. Contributed by Brian Denman, 5 August 2021} 1-0

[Event "GBR-ch83 Major Open"]
[Site "Nottingham"]
[Date "1996.08.12"]
[Round "7"]
[White "Gormally, Daniel W"]
[Black "Barton, R Alan"]
[Result "1-0"]
[WhiteElo "2300"]
[BlackElo "2170"]
[PlyCount "80"]
[EventDate "1996.08.05"]
[EventType "swiss"]
[EventRounds "11"]
[EventCountry "GBR"]

1. d4 d5 2. c4 e5 3. dxe5 d4 4. Nf3 Nc6 5. a3 Bg4 6. b4 Nge7 7. b5 Bxf3 8. exf3
Nxe5 9. f4 N5g6 10. Bd3 Qd6 11. Qf3 Rb8 12. O-O f5 13. g3 h5 14. Re1 Kf7 15. a4
c5 16. Nd2 a5 17. Qe2 Kg8 18. Nf3 Rh6 19. Bd2 b6 20. Ng5 Nh8 21. Qf3 Nf7 22.
Re2 Qd7 23. Rae1 Qb7 24. Qxb7 Rxb7 25. Ne6 Rf6 26. f3 Ng6 27. g4 Nh4 28. Kf2
fxg4 29. Nxf8 Nd6 30. Nh7 Ndf5 31. Nxf6+ gxf6 32. fxg4 hxg4 33. Rg1 Rg7 34.
Re8+ Kf7 35. Rb8 Nf3 36. Bxf5 Nxg1 37. Kxg1 g3 38. Rb7+ Kf8 39. Rxg7 gxh2+ 40.
Kxh2 Kxg7 {Source: Tournament bulletin. Contributed by Brian Denman, 5 August
2021} 1-0

[Event "GBR-ch83 Major Open"]
[Site "Nottingham"]
[Date "1996.08.12"]
[Round "7"]
[White "Kelly, Ian G"]
[Black "Naylor, John"]
[Result "1-0"]
[WhiteElo "2045"]
[BlackElo "2265"]
[PlyCount "117"]
[EventDate "1996.08.05"]
[EventType "swiss"]
[EventRounds "11"]
[EventCountry "GBR"]

1. Nf3 d6 2. c4 g6 3. g3 Bg7 4. Bg2 e5 5. Nc3 Nc6 6. d3 f5 7. O-O Nf6 8. Bg5 h6
9. Bxf6 Bxf6 10. Rb1 a5 11. Nd5 O-O 12. a3 g5 13. b4 axb4 14. axb4 Bg7 15. b5
Ne7 16. Nd2 g4 17. Qc2 f4 18. c5 Nf5 19. cxd6 cxd6 20. Nc7 Ra3 21. Qc4+ Kh8 22.
Ra1 Rxa1 23. Rxa1 e4 24. Ra8 f3 25. exf3 exf3 26. Bf1 Qg5 27. Ne4 Qg6 28. Nd5
Qe6 29. Nf4 Qxc4 30. dxc4 Re8 31. Bd3 Bd7 32. Rxe8+ Bxe8 33. Nd5 h5 34. Nef6
Bxf6 35. Nxf6 Ng7 36. Be4 Bf7 37. Bxb7 Bxc4 38. Bc6 Ne6 39. b6 Nd8 40. Be4 Bf7
41. b7 Nxb7 42. Bxb7 Kg7 43. Nd5 Kg6 44. Kf1 Kf5 45. Ke1 Ke5 46. Nf4 Kd4 47.
Kd2 Be8 48. Bc8 Ke5 49. Be6 Kf6 50. Ke3 Ke5 51. Bg8 Bd7 52. Nxh5 Bc8 53. Nf4
Bd7 54. Nd3+ Kf6 55. Kd4 Bc6 56. Nf4 Kf5 57. Bh7+ Kf6 58. Be4 Bd7 59. Kd5 {
Source: Tournament bulletin. Contributed by Brian Denman, 5 August 2021} 1-0

[Event "GBR-ch83 Major Open"]
[Site "Nottingham"]
[Date "1996.08.13"]
[Round "8"]
[White "Barnes, Michael H"]
[Black "Kelly, Ian G"]
[Result "1-0"]
[WhiteElo "2260"]
[BlackElo "2045"]
[PlyCount "63"]
[EventDate "1996.08.05"]
[EventType "swiss"]
[EventRounds "11"]
[EventCountry "GBR"]

1. d4 Nf6 2. Nf3 c5 3. d5 e6 4. Nc3 exd5 5. Nxd5 Nxd5 6. Qxd5 Nc6 7. Bf4 Be7 8.
e3 Nb4 9. Qd2 d6 10. a3 Nc6 11. Rd1 O-O 12. Bxd6 Bxd6 13. Qxd6 Qb6 14. Bd3 Bg4
15. O-O Bxf3 16. gxf3 Rad8 17. Qf4 Qxb2 18. Rb1 Qe5 19. Qh4 g6 20. Rxb7 Rb8 21.
Rfb1 Rxb7 22. Rxb7 Qa1+ 23. Kg2 Qxa3 24. Qf6 Nd8 25. Rd7 Qa5 26. Bc4 Qb6 27.
Qxb6 axb6 28. Rd6 Nb7 29. Rxb6 Na5 30. Bd5 Rc8 31. Ra6 Rd8 32. e4 {Source:
Tournament bulletin. Contributed by Brian Denman, 5 August 2021} 1-0

[Event "GBR-ch83 Major Open"]
[Site "Nottingham"]
[Date "1996.08.13"]
[Round "8"]
[White "Beedle, Jonathan E"]
[Black "Noyce, Robert C"]
[Result "1/2-1/2"]
[WhiteElo "2070"]
[BlackElo "2205"]
[PlyCount "58"]
[EventDate "1996.08.05"]
[EventType "swiss"]
[EventRounds "11"]
[EventCountry "GBR"]

1. d4 g6 2. e4 Bg7 3. Nc3 c6 4. f4 d5 5. e5 h5 6. Nf3 Bg4 7. Be3 e6 8. Bd3 Nh6
9. h3 Bxf3 10. Qxf3 Nf5 11. Bf2 Qb6 12. O-O h4 13. Ne2 Bf8 14. c4 Be7 15. c5
Qc7 16. b4 Nd7 17. Rab1 Kf8 18. Rb2 Kg7 19. Rfb1 b6 20. b5 bxc5 21. bxc6 Qxc6
22. Bb5 Qc7 23. Bxd7 Qxd7 24. dxc5 Rhc8 25. Rc1 Rc6 26. Nd4 Nxd4 27. Bxd4 Qc7
28. Qe3 Rc8 29. Rbc2 Qa5 {Source: Tournament bulletin. Contributed by Brian
Denman, 5 August 2021} 1/2-1/2

[Event "GBR-ch83 Major Open"]
[Site "Nottingham"]
[Date "1996.08.14"]
[Round "9"]
[White "Barton, R Alan"]
[Black "Grant, Alan G"]
[Result "0-1"]
[WhiteElo "2170"]
[BlackElo "2190"]
[PlyCount "120"]
[EventDate "1996.08.05"]
[EventType "swiss"]
[EventRounds "11"]
[EventCountry "GBR"]

1. Nf3 Nf6 2. c4 e6 3. b3 b6 4. g3 Ba6 5. Bg2 c6 6. O-O d5 7. d3 Be7 8. Bb2 O-O
9. Nbd2 b5 10. Qc2 Nbd7 11. Rac1 Rc8 12. Qb1 Qa5 13. Rc2 c5 14. cxb5 Qxb5 15.
Rfc1 d4 16. Nc4 Bb7 17. e4 Nb6 18. Nfe5 Nfd7 19. f4 Nxe5 20. Nxe5 f5 21. Re1
fxe4 22. dxe4 Bd6 23. Bf1 Qe8 24. Nc4 Nxc4 25. Bxc4 Kh8 26. Rf2 Rc7 27. Qd1 Qg6
28. f5 exf5 29. exf5 Rxf5 30. Rxf5 Qxf5 31. Re8+ Bf8 32. Be6 Qf6 33. Qf1 Bf3
34. Bd5 Rf7 35. Bxf3 Qxf3 36. Qxf3 Rxf3 37. Ba3 d3 38. Kg2 Rf5 39. Bxc5 Kg8 40.
Rd8 $4 Rxc5 41. Rxd3 Rc2+ 42. Kf3 Rxa2 43. h4 a5 44. Ke4 Ra3 45. g4 g6 46. h5
a4 47. bxa4 Rxa4+ 48. Ke5 Bg7+ 49. Ke6 Re4+ 50. Kd5 Rxg4 51. hxg6 hxg6 52. Rb3
Kf7 53. Rb7+ Kf6 54. Rb1 Kf5 55. Rb7 Rd4+ 56. Kc5 Bf6 57. Rf7 Rd8 58. Kc4 g5
59. Rb7 g4 60. Rb1 Rd4+ {Source: Tournament bulletin. Contributed by Brian
Denman, 5 August 2021} 0-1

[Event "GBR-ch83 Major Open"]
[Site "Nottingham"]
[Date "1996.08.14"]
[Round "9"]
[White "Kelly, Ian G"]
[Black "Briggs, Philip J"]
[Result "1-0"]
[WhiteElo "2045"]
[BlackElo "2210"]
[PlyCount "60"]
[EventDate "1996.08.05"]
[EventType "swiss"]
[EventRounds "11"]
[EventCountry "GBR"]

1. Nf3 Nf6 2. c4 c6 3. g3 b5 4. b3 bxc4 5. bxc4 g6 6. Bb2 Bg7 7. Bg2 Qb6 8. Qb3
Na6 9. Nc3 Qc7 10. Rc1 Rb8 11. Qa3 O-O 12. O-O Re8 13. d4 Nb4 14. Rfd1 a5 15.
Ne5 Ba6 16. Na4 d6 17. Nd3 Bh6 18. e3 Bc8 19. c5 Bg4 20. Rd2 Bf5 21. Nf4 Ne4
22. Bxe4 Bxe4 23. Nb6 e5 24. dxe5 dxc5 25. Nc4 Bd5 26. Nxd5 Nxd5 27. Qxc5 Rb5
28. Qd6 Qb7 29. e6 f6 30. Bd4 Rb8 {Source: Tournament bulletin. Contributed by
Brian Denman, 5 August 2021} 1-0

[Event "GBR-ch83 Major Open"]
[Site "Nottingham"]
[Date "1996.08.15"]
[Round "10"]
[White "Almond, Richard"]
[Black "Kelly, Ian G"]
[Result "1-0"]
[WhiteElo "2125"]
[BlackElo "2045"]
[PlyCount "83"]
[EventDate "1996.08.05"]
[EventType "swiss"]
[EventRounds "11"]
[EventCountry "GBR"]

1. d4 Nf6 2. c4 c5 3. d5 e6 4. Nc3 exd5 5. cxd5 d6 6. Nf3 g6 7. Nd2 Bg7 8. e4
O-O 9. Be2 Re8 10. O-O a6 11. a4 Nbd7 12. Qc2 Ne5 $2 13. f4 Neg4 14. Nf3 Nh5 $2
15. h3 f5 16. hxg4 fxg4 17. Be3 gxf3 18. Rxf3 Qh4 19. Bf2 Bd4 20. Bxd4 cxd4 21.
Nd1 Nxf4 22. Bf1 Nh5 23. Nf2 Bg4 24. Nxg4 Qxg4 25. Bd3 Nf4 26. Re1 $5 Nxd5 $2
27. Bc4 Rac8 28. Bxd5+ Kg7 29. Qd3 Re5 30. Ref1 b5 31. axb5 axb5 32. Qxd4 h5
33. Rf7+ Kh6 34. Qd2+ Rg5 35. R7f6 b4 36. Be6 Qxe4 37. Bxc8 Qc6 38. Bf5 Qc5+
39. Kh1 Qc4 40. Rxg6+ Kh7 41. Rxg5+ Kh8 42. Rxh5+ {Sources: Tournament
bulletin and J A Dodgson. The tournament bulletin quotes P Almond as the White
player in its games section, but this is contradicted by its round by round
survey of results. Contributed by Brian Denman, 5 August 2021} 1-0

[Event "GBR-ch83 Major Open"]
[Site "Nottingham"]
[Date "1996.08.15"]
[Round "10"]
[White "Ward, Ieuan C"]
[Black "Barton, R Alan"]
[Result "0-1"]
[WhiteElo "2045"]
[BlackElo "2170"]
[PlyCount "96"]
[EventDate "1996.08.05"]
[EventType "swiss"]
[EventRounds "11"]
[EventCountry "GBR"]

1. e4 d5 2. a3 dxe4 3. Nc3 Nf6 4. Qe2 Nc6 5. Nxe4 Nxe4 6. Qxe4 Qd4 7. f3 g6 8.
Bb5 Qxe4+ 9. fxe4 Bd7 10. Nf3 Bg7 11. c3 a6 12. Ba4 b5 13. Bc2 e5 14. O-O O-O
15. d3 h6 16. Be3 Na5 17. Nd2 Be6 18. a4 Rfd8 19. b4 Nb7 20. Ra3 a5 21. axb5
axb4 22. Rxa8 Rxa8 23. cxb4 Nd6 24. b6 cxb6 25. Bxb6 Ra2 26. Rc1 Nb5 27. Nc4
Nc3 28. Bd1 Nxd1 29. Rxd1 f5 30. Na5 Bf8 31. Rb1 Ra3 32. Nc6 $4 Ra6 33. Nxe5
Rxb6 34. b5 Bc5+ 35. Kf1 fxe4 36. dxe4 Kg7 37. Ke1 Bd6 38. Nf3 Bd7 39. e5 Bc5
40. Kd2 Rxb5 41. Ra1 Rb2+ 42. Kc3 Rxg2 43. Kc4 Rc2+ 44. Kd5 Bc6+ 45. Kxc6 Bd4+
46. Kd7 Bxa1 47. e6 Re2 48. e7 Kf7 {Source: Tournament bulletin. Contributed
by Brian Denman, 5 August 2021} 0-1

[Event "GBR-ch83 Major Open"]
[Site "Nottingham"]
[Date "1996.08.16"]
[Round "11"]
[White "Barton, R Alan"]
[Black "Churm, Rohan M"]
[Result "0-1"]
[WhiteElo "2170"]
[BlackElo "2120"]
[PlyCount "88"]
[EventDate "1996.08.05"]
[EventType "swiss"]
[EventRounds "11"]
[EventCountry "GBR"]

1. Nf3 b6 2. g3 Bb7 3. Bg2 Nf6 4. d3 e6 5. Nbd2 c5 6. e4 d6 7. O-O g6 8. a4 Bg7
9. Nc4 O-O 10. Bf4 Ne8 11. Qd2 Nc6 12. Rae1 a6 13. Bh6 e5 14. Nh4 b5 15. Bxg7
Nxg7 16. Ne3 Nd4 17. c3 Nde6 18. Nd5 Bxd5 19. exd5 Nc7 20. d4 exd4 21. cxd4 c4
22. Re2 Qd7 23. Rfe1 Rfe8 24. Qg5 Rxe2 25. Rxe2 Re8 26. Re3 bxa4 27. Nf3 Nf5
28. Bh3 Rxe3 29. fxe3 Qe7 30. Qxe7 Nxe7 31. Nd2 c3 32. bxc3 Nexd5 33. c4 Nxe3
34. Kf2 Nc2 35. d5 a3 36. Bg4 Nd4 37. c5 Ncb5 38. Be2 a2 39. Bxb5 axb5 40. cxd6
a1=Q 41. d7 Qa8 42. Ne4 f5 43. Nf6+ Kf7 44. Nxh7 Qxd5 {Source: Tournament
bulletin. Contributed by Brian Denman, 5 August 2021} 0-1

[Event "GBR-ch83 Major Open"]
[Site "Nottingham"]
[Date "1996.08.16"]
[Round "11"]
[White "Noyce, Robert C"]
[Black "Mutton, Jonathan B"]
[Result "1-0"]
[WhiteElo "2205"]
[BlackElo "2095"]
[PlyCount "61"]
[EventDate "1996.08.05"]
[EventType "swiss"]
[EventRounds "11"]
[EventCountry "GBR"]

1. e4 c5 2. Nc3 g6 3. f4 Bg7 4. Nf3 Nc6 5. Bb5 Nd4 6. Bd3 e6 7. Nxd4 cxd4 8.
Nb5 d6 9. c3 dxc3 10. dxc3 Ne7 11. Nxd6+ Kf8 12. Nxc8 Rxc8 13. O-O Qb6+ 14. Kh1
Nc6 15. Qe2 e5 16. f5 f6 17. Be3 Qc7 18. Rad1 a6 19. Bc5+ Ne7 20. Ba3 Kf7 21.
Bc2 Rhd8 22. Bb3+ Kf8 23. fxg6 hxg6 24. Qg4 Rxd1 25. Rxd1 Rd8 26. Rxd8+ Qxd8
27. Qe6 Ke8 28. Qf7+ Kd7 29. Qxg7 Kc8 30. Qxe7 Qd2 31. Be6+ {Source:
Tournament bulletin. Contributed by Brian Denman, 5 August 2021} 1-0